L'automobile en droit privé: études de droit privé

Zapisane w:
Opis bibliograficzny
Główni autorzy: Loussouarn, Yvon (autor), Borricand, Jacques (Autor), Boulanger, Francois (Autor), Cas, Gérard (Autor), Culioli, Marcel (Autor), Dahan, Moise (Autor), Gaudemet-Tallon, Hélène (Autor), Jauffret, Camille (Autor), Pélissier, Jean (Autor), Riou-Labrusse, Catherine (Autor), Roujou de Boubée, Gabriel (Autor), Sayn, Jean (Autor), Veron, Michel (Autor)
Kolejni autorzy: Badinter, Robert (auteur)
Format: Książka
Język:francuski
Wydane: París Librairie Générale de Droit et de Jurisprudence 1965
Hasła przedmiotowe:
Etykiety: Dodaj etykietę
Nie ma etykietki, Dołącz pierwszą etykiete!

MARC

LEADER 00000nam a2200000 a 4500
001 UCS1556
003 CL-VaPUC
008 970515e19650000FR |||||||||||||||||fre|d
082 0 4 |a 346.047  |b LOU  |2 21 
100 |a Loussouarn, Yvon  |e autor  |9 386060 
700 |a Badinter, Robert  |e auteur   |9 386061 
700 0 |a Borricand, Jacques  |e author  |9 386062 
700 0 |a Boulanger, Francois  |e author  |9 386063 
700 0 |a Cas, Gérard  |e author  |9 386064 
700 0 |a Culioli, Marcel  |e author  |9 386065 
700 0 |a Dahan, Moise  |e author  |9 386066 
700 0 |a Gaudemet-Tallon, Hélène  |e author  |9 386067 
700 |a Jauffret, Camille  |e author  |9 386068 
700 0 |a Pélissier, Jean  |e author  |9 386069 
700 0 |a Riou-Labrusse, Catherine  |e author  |9 386070 
700 0 |a Roujou de Boubée, Gabriel  |e author  |9 386071 
700 0 |a Sayn, Jean  |e author  |9 386072 
700 0 |a Veron, Michel  |e author  |9 386073 
245 1 2 |a L'automobile en droit privé: études de droit privé 
300 |a 492 p 
942 |c BK 
945 |d 19970515 00:00:00  |a cmena 
260 |a París  |b Librairie Générale de Droit et de Jurisprudence  |c 1965 
650 0 |a Derecho privado  |9 258243 
650 0 |a Derecho civil  |9 255013 
650 0 |a Automóviles  |9 260871 
650 7 |a REGIMEN DE PROPIEDAD  |2 CL-VaPUC  |9 385670 
650 0 |a Código civil  |9 256135 
650 0 |a Derecho francés  |9 385145 
651 0 |a Francia  |9 255157 
583 |a last modification  |c 19970515 00:00:00  |k Rodrigo Vera 
999 |c 259595  |d 259593 
952 |0 0  |1 0  |4 0  |6 346_047000000000000_LOU_1965  |7 0  |8 P  |9 284613  |a BIBDER  |b BIBDER  |d 2019-11-19  |i 1849514  |o 346.047 LOU 1965  |p 1849514  |r 2023-01-25  |w 2019-11-19  |y BK  |k DER